000 00307nam a2200157Ia 4500
100 _aLaxman/R.K
650 _aFiction
942 _cBK
366 _f17.5
245 _aServants of India
260 _bPenquin books
_c2000
082 _a808.83
_bLAX
300 _a136
546 _aENGLISH
999 _c20865
_d20865